Équipes ayant marqué plus buts par édition du Championnat d'Europe - Statistiques

Statistiques générales
  • Ce quiz a été pris 55 fois
    9 depuis la dernière actualisation
  • Le résultat moyen est 21 sur 22
Statistiques - réponses
Année Buts Équipe % Correct
1992 7 Allemagne
100%
1996 10 Allemagne
100%
1972 5 Allemagne de l'Ouest
100%
1976 6 Allemagne de l'Ouest
100%
1980 6 Allemagne de l'Ouest
100%
2004 10 Angleterre
100%
1964 4 Espagne
100%
2008 12 Espagne
100%
2012 12 Espagne
100%
2020 13 Espagne
100%
2024 15 Espagne
100%
1984 14 France
100%
2000 13 France
100%
2016 13 France
100%
1968 3 Italie
100%
2020 13 Italie
100%
1988 8 Pays-Bas
100%
2000 13 Pays-Bas
100%
1964 4 Union soviétique
89%
1964 4 Hongrie
67%
1960 6 Yougoslavie
67%
2004 10 République Tchèque
56%
Aucun quiz correspondant
Distribution des résultats
% des personnes avec chaque résultat
Percentile par nombre de réponses
Votre historique - résultats
Vous n’avez pas pris ce quiz depuis la dernière actualisation